LEADER 01883nam a2200265 i 4500 001 000000005577 003 CaOOAMICUS 005 20250812115828.0 008 180830s1745 it u000 u ita u 040 $aSeMil$bita 100 1 $aCostantini, Giuseppe Antonio,$d<1692-1772>.$0(OLS)http://semarc/name/3130 245 10$aLettere critiche, giocose, morali, e scientifiche, alla moda, ed al gusto del secolo presente, tradotte da varj linguaggi, e recate al toscano dal conte Agostino Santi Pupieni. Tomo 1. [-7!]. 246 0 $aLettere critiche giocose, morali, scientifiche, ed erudite, alla moda, ed al gusto del secolo presente, del conte Agostino Santi Pupieni, o sia dell'avvocato Giuseppe Antonio Costantini accresciute dall'Autore di molte aggiunte, ... 260 $aVenezia :$bAppresso Angiolo Pasinelli in Merceria alla Scienza,$c1745- 300 $a7 v. ;$c8°. 500 $aAgostino Santi Pupieni pseud. di Giuseppe Antonio Costantini. - Per la partizione dell'opera, vedi Copac 700 1 $aPasinelli, Angelo,$c.$0(OLS)http://semarc/name/3131 774 0 $tTomo 2.$g2$w()109328 774 0 $tTomo 3.$g3$w()250764 774 0 $tTomo 4.$g4$w()250765 774 0 $tTomo 6.$g6$w()250766 996 $6245$aLettere critiche, giocose, morali, e scientifiche, alla moda, ed al gusto del secolo presente, tradotte da varj linguaggi, e recate al toscano dal conte Agostino Santi Pupieni. Tomo 1. [-7!]$9(OLS)http://semarc/title/7771 996 $6246$aLettere critiche giocose, morali, scientifiche, ed erudite, alla moda, ed al gusto del secolo presente, del conte Agostino Santi Pupieni, o sia dell'avvocato Giuseppe Antonio Costantini accresciute dall'Autore di molte aggiunte, ...$9(OLS)http://semarc/title/7772 996 $6260$aVenezia :$bAppresso Angiolo Pasinelli in Merceria alla Scienza$9(OLS)http://semarc/publisher/31538 LEADER 01247nam a2200289 i 4500 001 000000246232 003 CaOOAMICUS 005 20151029000000.0 008 151029s1997 it u000 u ita u 013 $a225137 020 $a88-215-3283-6 040 $aSeMil$bita 100 1 $aKennedy, Philip.$0(OLS)http://semarc/name/82696 240 10$aSchillebeeckx.$0(OLS)http://semarc/title/347961 245 10$aEdward Schillebeeckx /$cdi Philip Kennedy ; postfazione e bibliografia di Franco Giulio Brambilla. 260 $aCinisello Balsamo :$bSan Paolo,$c1997. 300 $a285 p. ;$c22 cm. 490 0 $aI teologi del 20. secolo ;$v7 600 14$aSchillebeeckx, Edward .$0(OLS)http://semarc/subject/5776 700 1 $aBrambilla, Franco Giulio,$c.$0(OLS)http://semarc/name/13164 830 2$aI teologi del 20. secolo ;$v7.$0(OLS)http://semarc/title/10373 850 $aSeMil 852 $aSeMil$W1$xVenegono$y1$m2D III 337$j196578$B196578$CSeMilBibl$Z2$F207334 $81 961 $aOmaggio: Altro 996 $6020$a88-215-3283-6$9(OLS)http://semarc/number/255098 996 $6245$aEdward Schillebeeckx$9(OLS)http://semarc/title/150147 996 $6260$aCinisello Balsamo :$bSan Paolo$9(OLS)http://semarc/publisher/30129